000 00257nam a22001217a 4500
008 170911b xxu||||| |||| 00| 0 eng d
041 _aeng
080 _a91
100 _a42
101 _aGJEO
245 _aINTO THE UNKNOWN
_cHYMAN, CH.O
942 _2udc
_cBK
999 _c26987
_d26987